000
00193 a2200097 4500
001
3487
100
_a
Perkins, D
245
_a
American way the
260
_a
_b
Cornell
_c
090
_c
2753
_d
2753
942
_a
NUST-CAE
_c
M
_c
19480
999
_c
238560
_d
238560